Patient practitioner interaction : (رقم التسجيلة. 31859)
[ عرض عادي ]
| 000 -الفاتح | |
|---|---|
| حقل البيانات ثابتة الطول | 02428cam a22004214a 4500 |
| 001 - رقم الضبط | |
| رقم الضبط | 16687733 |
| 003 - محدد رقم الضبط | |
| رقم الضبط | OSt |
| 005 - وقت وتاريخ اخر تعامل مع التسجيلة | |
| رقم الضبط | 20150408114149.0 |
| 008 - عناصر البيانات ثابتة الطول - معلومات عامة | |
| حقل البيانات ثابتة الطول | 110308s2011 njua b 001 0 eng |
| 010 ## - رقم ضبط مكتبة الكونجرس | |
| رقم ضبط مكتبة الكونجرس | 2011010095 |
| 016 7# - رقم ضبط الوكاله الوطنية للضبط الببليوجرافي | |
| رقم ضبط التسجيلة | 101555844 |
| المصدر | DNLM |
| 020 ## - الرقم الدولى المعيارى للكتب | |
| الرقم الدولى المعيارى للكتاب | 9781556429941 (alk. paper) |
| 020 ## - الرقم الدولى المعيارى للكتب | |
| الرقم الدولى المعيارى للكتاب | 1556429940 (alk. paper) |
| 035 ## - رقم ضبط النظام | |
| رقم ضبط النظام | (OCoLC)ocn707710829 |
| 040 ## - مصدر الفهرسة | |
| وكالة الفهرسة الأصلية | DNLM/DLC |
| وكالة النسخ | DLC |
| وكالة التعديل | YDX |
| -- | NLM |
| -- | YDXCP |
| -- | DLC |
| 042 ## - رمز التحقق | |
| رمز التحقق | pcc |
| 050 00 - رقم طلب مكتبة الكونجرس | |
| رقم التصنيف | RM705 |
| رقم المادة | .D38 2011 |
| 060 10 - رقم الطلب بالمكتبة الطبية الوطنية | |
| رقم التصنيف | WB 460 |
| 082 00 - رقم تصنيف ديوى العشرى | |
| رقم التصنيف | 610.696 |
| رقم الطبعة | 22 |
| رقم المادة | DCP |
| 100 1# - المدخل الرئيسى - إسم شخصى | |
| الإسم الشخصى | Davis, Carol M. |
| 9 (RLIN) | 39358 |
| 245 10 - بيان العنوان | |
| العنوان | Patient practitioner interaction : |
| بقية العنوان | an experiential manual for developing the art of health care / |
| بيان المسئوليه,etc | Carol M. Davis. |
| 250 ## - بيان الطبعة | |
| بيان الطبعة | 5th ed. |
| 260 ## - PUBLICATION, DISTRIBUTION, ETC. (IMPRINT) | |
| مكان الناشر او الموزع | Thorofare, NJ : |
| اسم الناشر او الموزع | SLACK, |
| تاريخ النشر أو التوزيع | c2011. |
| 300 ## - الوصف المادى | |
| التعداد | xvi, 274 p. : |
| تفاصيل ماديه اخرى للوعاء | ill. ; |
| أبعاد الوعاء | 29 cm. |
| 504 ## - تبصرة ببليوجرافية | |
| تبصرة ببليوجرافية,الخ | Includes bibliographical references and index. |
| 505 0# - تبصرة محتويات-الفهرس | |
| تبصرة المحتويات المصاغة | Basic awareness of self / Carol M. Davis -- Family history / Carol M. Davis -- Values as determinants of behavior / Carol M. Davis -- Identifying and resolving moral dilemmas / Carol M. Davis -- Stress management / Carol M. Davis -- The nature of effective helping : empathy and sympathy versus pity / Carol M. Davis -- Effective communication: problem identification and helpful responses / Carol M. Davis -- Assertiveness skills and conflict resolution / Carol M. Davis -- Communicating to establish rapport and reduce negativity / Helen L. Masin -- Communicating with cultural sensitivity / Helen L. Masin -- The helping interview / Carol M. Davis -- Spirituality in patient care / Darina Sargeant -- Health behavior and effective patient education / Kathleen A. Curtis -- Communicating with persons who have disabilities / Kathleen A. Curtis -- Sexuality and disability : effective communication / Sherrill H. Hayes -- Communicating with people who dying and their families / Carol M. Davis. |
| 650 #0 - المدخل الاضافى بالموضوع-مصطلح موضوعى | |
| مصطلح موضوعي أو اسم جغرافي كعنصر مدخل | Physical therapist and patient. |
| 9 (RLIN) | 39359 |
| 650 #0 - المدخل الاضافى بالموضوع-مصطلح موضوعى | |
| مصطلح موضوعي أو اسم جغرافي كعنصر مدخل | Allied health personnel and patient. |
| 9 (RLIN) | 39360 |
| 650 #0 - المدخل الاضافى بالموضوع-مصطلح موضوعى | |
| مصطلح موضوعي أو اسم جغرافي كعنصر مدخل | Professional socialization. |
| 9 (RLIN) | 39361 |
| 650 12 - المدخل الاضافى بالموضوع-مصطلح موضوعى | |
| مصطلح موضوعي أو اسم جغرافي كعنصر مدخل | Physical Therapy (Specialty) |
| 9 (RLIN) | 39362 |
| 650 12 - المدخل الاضافى بالموضوع-مصطلح موضوعى | |
| مصطلح موضوعي أو اسم جغرافي كعنصر مدخل | Professional-Patient Relations. |
| 9 (RLIN) | 11565 |
| 650 22 - المدخل الاضافى بالموضوع-مصطلح موضوعى | |
| مصطلح موضوعي أو اسم جغرافي كعنصر مدخل | Communication. |
| 650 22 - المدخل الاضافى بالموضوع-مصطلح موضوعى | |
| مصطلح موضوعي أو اسم جغرافي كعنصر مدخل | Cultural Competency. |
| 9 (RLIN) | 11063 |
| 650 22 - المدخل الاضافى بالموضوع-مصطلح موضوعى | |
| مصطلح موضوعي أو اسم جغرافي كعنصر مدخل | Helping Behavior. |
| 9 (RLIN) | 39363 |
| 906 ## - عنصر بيانات محلى F, LDF (RLIN) | |
| a | 7 |
| b | cbc |
| c | orignew |
| d | 1 |
| e | ecip |
| f | 20 |
| g | y-gencatlg |
| 942 ## - عناصر المدخل الإضافي( كوها) | |
| مصدر التصنيف او مخطط الترفيف | Dewey Decimal Classification |
| Koha [default] item type | كتاب |
| حالة الفقد | نموذج السعر الفعال | حالة تلف | ليس للاعارة | رقم الطلب | تاريخ الاكتساب | الموقع الحالي | الباركود | الفرع الرئيسي | Date last seen | نوع المادة فى نظام كوها | مصدر التصنيف او خطة الترفيف | Total Checkouts |
|---|---|---|---|---|---|---|---|---|---|---|---|---|
| 2013-11-06 | 610.696 DCP | 2013-11-06 | المكتبة المركزية بالمجمعة (CL) | 00404664 | المكتبة المركزية بالمجمعة (CL) | 2013-11-06 | كتاب | Dewey Decimal Classification | ||||
| 2013-11-06 | 610.696 DCP | 2013-11-06 | المكتبة المركزية بالمجمعة (CL) | 00404665 | المكتبة المركزية بالمجمعة (CL) | 2013-11-06 | كتاب | Dewey Decimal Classification | ||||
| 2013-11-06 | 610.696 DCP | 2013-11-06 | المكتبة المركزية بالمجمعة (CL) | 00404666 | المكتبة المركزية بالمجمعة (CL) | 2013-11-06 | كتاب | Dewey Decimal Classification | ||||
| 2014-01-18 | 610.696 DCP | 2014-01-18 | مكتبة مجمع الكليات بالزلفى - طلاب (SZM) | 00404836 | مكتبة مجمع الكليات بالزلفى - طلاب (SZM) | 2014-01-18 | كتاب | Dewey Decimal Classification | ||||
| 2014-01-18 | 610.696 DCP | 2014-01-18 | مكتبة مجمع الكليات بالزلفى - طلاب (SZM) | 00404837 | مكتبة مجمع الكليات بالزلفى - طلاب (SZM) | 2014-01-18 | كتاب | Dewey Decimal Classification |
